Dřevo v rekreačním objektu /

Hlavní autor: Brumovský, Miroslav
Další autoři: Rada, Otakar
Jazyk: Čeština
Vydáno: Praha : Brázda, 1991
Vydání: 1. vyd.
Externí odkaz: Digitalizovaný dokument
Fyzický popis: 198 s.
Knihy
Uloženo v:
LEADER 01092nam a2200301 a 4500
001 000560101
003 CZ BrMZK
005 20110618213610.0
007 ta
008 000105s1991 xr f cze d
015 |a cnb000061783 
035 |a (OCoLC)39599431 
040 |a BOA001  |b cze 
080 |a 674.5:728.11  |2 MRF 
100 1 |a Brumovský, Miroslav 
245 1 0 |a Dřevo v rekreačním objektu /  |c Miroslav Brumovský, Otakar Rada 
250 |a 1. vyd. 
260 |a Praha :  |b Brázda,  |c 1991 
300 |a 198 s. 
504 |a Obsahuje bibliografii 
500 |a Dostupné též v digitální podobě v aplikaci Kramerius 
700 1 |a Rada, Otakar  |7 jo2005273872 
856 4 1 |u http://www.digitalniknihovna.cz/mzk/uuid/uuid:e13c0010-975c-11e6-9325-005056827e52  |y Digitalizovaný dokument  |x NDK 
910 |a BOA001  |b 2-0977.556  |b TK-0249.150 
920 |a 000150748 
990 |a BK 
996 7 |b 2619718983  |c 2-0977.556  |l MZK  |r Sklad / do 1 hodiny  |n 11  |w 000560101  |u 000010  |a 1  |e BOA001  |j MZK50  |s A 
996 7 |b 2629985593  |c TK-0249.150  |l MZK  |r Sklad / do 24 hodin  |n 4  |w 000560101  |u 000020  |a 1  |e BOA001  |j MZK50  |s A